Population battle -Sudden death - Statistics

General Stats
  • This quiz has been taken 53 times
  • The average score is 3 of 15
Answers on the Grid
Answers color-coded by a green-red scale on the quiz's grid according to % correct below.
Monaco
Tuvalu
Kiribati
Germany
Turkey
France
Iceland
Fiji
Belize
Pakistan
Brazil
Nigeria
Bangladesh
Russia
Egypt
Kenya
Tunisia
Tanzania
Vietnam
Philipines
Malaisia
Moldova
Mongolia
Erythrea
Uganda
Peru
Poland
Uruguay
Liberia
El salvador
Cyprus
Djibuti
Buthan
Estonia
East Timor
Mauritus
Latvia
Jamaica
Botswana
Colombia
Italy
South africa
Sri Lanka
Chile
Kazakstan
 
Answer Stats
Answer % Correct
Germany
59%
Kiribati
59%
Bangladesh
41%
Pakistan
38%
Fiji
34%
Philipines
24%
Tanzania
21%
Erythrea
10%
Uganda
10%
South africa
7%
Jamaica
3%
Cyprus
0%
East Timor
0%
El salvador
0%
Sri Lanka
0%
No matching quizzes found
Score Distribution
Percent of People with Each Score
Percentile by Number Answered
Your Score History
You have not taken this quiz